LEADER 01873nam0 2200277 i 450 001 VAN0001508 005 20221202034211.796 010 $a88-13-25608-6 100 $a20070313d2004 |0itac50 ba 101 $aita 102 $aIT 105 $a|||| ||||| 200 1 $aEconomia e governo del sito produttivo nella prospettiva sistemica$eil caso dell'industria farmaceutica$fBernardino Quattrociocchi 210 $aPadova$cCEDAM$d2004 215 $aXXXVII, 310 p.$cill.$d23 cm 330 $aIl nucleo sostanziale del volume è riconducibile alle tematiche inerenti il governo della struttura produttiva di un'organizzazione imprenditoriale complessa, articolata in più "siti produttivi". Centrale nel testo è lo studio delle dinamiche evolutive del singolo sito produttivo, risultanti dai processi di adeguamento e di trasformazione delle imprese complesse. Gli argomenti principalmente affrontati dall'autore sono: la correlazione tra ciclo di vita del sito produttivo e pianificazione degli investimenti della corporate; l'individuazione di alcuni possibili modelli per la valutazione delle performance di un singolo sito; la concettualizzazione della competizione intercompany tra siti produttivi di una stessa corporate. 410 1$1001VAN0025689$12001 $aCollana di studi di tecnica aziendale$1210 $aPadova$cCEDAM.$v69 620 $dPadova$3VANL000007 700 1$aQuattrociocchi$bBernardino$3VANV046145$0329144 712 $aCEDAM $3VANV111515$4650 801 $aIT$bSOL$c20230616$gRICA 899 $aBIBLIOTECA DEL DIPARTIMENTO DI ECONOMIA$1IT-CE0106$2VAN03 912 $aVAN0001508 950 $aBIBLIOTECA DEL DIPARTIMENTO DI ECONOMIA$d03CONS IIAa35 $e03 7696 20070313 996 $aEconomia e governo del sito produttivo nella prospettiva sistemica$91059269 997 $aUNICAMPANIA LEADER 02105nam0 2200481 i 450 001 VAN00133283 005 20240806100839.118 017 70$2N$a9789400738379 100 $a20210408d2014 |0itac50 ba 101 $aeng 102 $aNL 105 $a|||| ||||| 200 1 $aPhysics and Applications of Terahertz Radiation$fMatteo Perenzoni, Douglas J. Paul editors 210 $aDordrecht$cSpringer$d2014 215 $aviii, 255 p.$cill.$d24 cm 410 1$1001VAN00021015$12001 $aSpringer series in optical sciences$1210 $aBerlin [etc.]$cSpringer$v173 500 1$3VAN00134846$aPhysics and Applications of Terahertz Radiation$91770918 606 $a00A79 (77-XX)$xPhysics [MSC 2020]$3VANC023182$2MF 606 $a78A10$xPhysical optics [MSC 2020]$3VANC023550$2MF 606 $a78A40$xWaves and radiation in optics and electromagnetic theory [MSC 2020]$3VANC027741$2MF 606 $a81-XX$xQuantum theory [MSC 2020]$3VANC019967$2MF 610 $aMillimetre-waves$9KW:K 610 $aNon-linear Optics$9KW:K 610 $aPhoto Detectors$9KW:K 610 $aPlasma Wave Devices$9KW:K 610 $aQuantum Cascade Lasers$9KW:K 610 $aTHz Sources$9KW:K 610 $aTHz detectors$9KW:K 610 $aTerahertz Science$9KW:K 610 $aTerahertz applications$9KW:K 610 $aTime-Domain Spectroscopy$9KW:K 620 $aNL$dDordrecht$3VANL000068 702 1$aPaul$bDouglas J.$3VANV107035 702 1$aPerenzoni$bMatteo$3VANV107034 712 $aSpringer $3VANV108073$4650 801 $aIT$bSOL$c20241115$gRICA 856 4 $uhttp://doi.org/10.1007/978-94-007-3837-9$zE-book ? Accesso al full-text attraverso riconoscimento IP di Ateneo, proxy e/o Shibboleth 899 $aBIBLIOTECA DEL DIPARTIMENTO DI MATEMATICA E FISICA$1IT-CE0120$2VAN08 912 $fN 912 $aVAN00133283 950 $aBIBLIOTECA DEL DIPARTIMENTO DI MATEMATICA E FISICA$d08DLOAD e-book 2194 $e08eMF2194 20210408 996 $aPhysics and Applications of Terahertz Radiation$91770918 997 $aUNICAMPANIA